| 000 | 00896nam a2200193 a 4500 | ||
|---|---|---|---|
| 001 | 4296 | ||
| 003 | CDMR | ||
| 005 | 20131121105712.0 | ||
| 008 | 130130s1978||||||||||||||||||||||||||||d | ||
| 040 |
_aCDMR _bcat _cCDMR |
||
| 245 | 0 |
_aDe la prensa, por la prensa, para la prensa (y algo más) _b: un estudio crítico del funcionamiento interno de la profesión de las noticias [...] |
|
| 260 |
_aMéxico _c1978 _bGernika |
||
| 300 | _a251 p. | ||
| 490 | 0 |
_aPolítica y Comunicació _v1 |
|
| 500 | _aTítol complet: De la prensa, por la prensa, para la prensa (y algo más) : un estudio crítico del funcionamiento interno de la profesión de las noticias. Desde las páginas informativas, los editoriales, las columnas y los memoranda internos al personal del The Washington Post | ||
| 610 | 2 |
_94137 _aWashington Post (Diari) |
|
| 650 | 0 | 4 |
_94094 _aPeriodisme _zEstats Units d'Amèrica |
| 942 |
_cMON _2udc |
||
| 999 |
_c4296 _d4296 |
||